LEADER 00944cam2 22002531 450 001 SOBE00061331 005 20190219092238.0 100 $a20190219g19399999|||||ita|0103 ba 101 $aita 102 $aIT 200 1 $a<<4: Il >>poeta di Dante : Minerva oscura, sotto il velame, la mirabile visione, prolusione al Paradiso / Ettore Cozzani 210 $aMilano$cL'eroica 215 $a333 p.$d20 cm 461 1$1001E600200017064$12001 $aPascoli / Ettore Cozzani 700 1$aCozzani$b, Ettore$3A600200025456$4070$0179709 801 0$aIT$bUNISOB$c20190219$gRICA 850 $aUNISOB 852 $aUNISOB$j850$m118953 912 $aSOBE00061331 940 $aM 102 Monografia moderna SBN 941 $aM 957 $a850$b003297$gSI$d118953$1rovito$2UNISOB$3UNISOB$420190219092203.0$520190219092238.0$6rovito 996 $aPoeta di Dante : Minerva oscura, sotto il velame, la mirabile visione, prolusione al Paradiso$91728461 997 $aUNISOB